Monster High SDCC - Statistiques

Statistiques générales
  • Ce quiz a été pris 85 fois
  • Le résultat moyen est 6 sur 14
Statistiques - réponses
Année Personnage % Correct
2023 Draculaura
95%
2010 Frankie
88%
2016 Frankie
88%
2022 Frankie
88%
2011 Ghoulia
64%
2016 Robecca
34%
2014 Iris
25%
2012 Scarah
25%
2013 Wydowna
22%
2014 Manny
20%
2012 Bruno
17%
2015 Valentine
16%
2015 Djinni
14%
2016 Hexiciah
13%
Aucun quiz correspondant
Distribution des résultats
% des personnes avec chaque résultat
Percentile par nombre de réponses
Votre historique - résultats
Vous n’avez pas pris ce quiz